More about Boy : (Record no. 8567)
[ view plain ]
| 000 -LEADER | |
|---|---|
| fixed length control field | 02297cam a2200385 a 4500 |
| 001 - CONTROL NUMBER | |
| control field | 8567 |
| 003 - CONTROL NUMBER IDENTIFIER | |
| control field | FISKH |
| 005 - DATE AND TIME OF LATEST TRANSACTION | |
| control field | 20250930111817.0 |
| 008 - FIXED-LENGTH DATA ELEMENTS--GENERAL INFORMATION | |
| fixed length control field | 090430r20092008nyua j 000 0aeng |
| 010 ## - LIBRARY OF CONGRESS CONTROL NUMBER | |
| LC control number | 2009016118 |
| 020 ## - INTERNATIONAL STANDARD BOOK NUMBER | |
| International Standard Book Number | 9780374350550 |
| Qualifying information | pbk. |
| 020 ## - INTERNATIONAL STANDARD BOOK NUMBER | |
| International Standard Book Number | 9780142414989 |
| 035 ## - SYSTEM CONTROL NUMBER | |
| System control number | 15718890 |
| 040 ## - CATALOGING SOURCE | |
| Original cataloging agency | DLC |
| Transcribing agency | DLC |
| Language of cataloging | eng |
| 050 00 - LIBRARY OF CONGRESS CALL NUMBER | |
| Classification number | PR6054.A35 |
| Item number | Z46 2009 |
| 082 00 - DEWEY DECIMAL CLASSIFICATION NUMBER | |
| Classification number | 823/.914 |
| -- | B |
| Edition number | 22 |
| 100 1# - MAIN ENTRY--PERSONAL NAME | |
| Personal name | Dahl, Roald. |
| 245 10 - TITLE STATEMENT | |
| Title | More about Boy : |
| Remainder of title | Roald Dahl's tales from childhood / |
| Statement of responsibility, etc. | Roald Dahl. |
| 250 ## - EDITION STATEMENT | |
| Edition statement | 1st American ed. |
| 260 ## - PUBLICATION, DISTRIBUTION, ETC. | |
| Place of publication, distribution, etc. | New York : |
| Name of publisher, distributor, etc. | Farrar, Straus, and Giroux, |
| Date of publication, distribution, etc. | 2009. |
| 300 ## - PHYSICAL DESCRIPTION | |
| Extent | 223 pages : |
| Other physical details | color illustrations ; |
| Dimensions | 23 cm |
| 336 ## - CONTENT TYPE | |
| Content type term | text |
| Content type code | txt |
| Source | rdacontent |
| 337 ## - MEDIA TYPE | |
| Media type term | unmediated |
| Media type code | n |
| Source | rdamedia |
| 338 ## - CARRIER TYPE | |
| Carrier type term | volume |
| Carrier type code | nc |
| Source | rdacarrier |
| 500 ## - GENERAL NOTE | |
| General note | Originally published: London : Puffin Books, 2008. |
| 505 0# - FORMATTED CONTENTS NOTE | |
| Formatted contents note | Starting-point -- Papa and Mama -- More about Mama -- Kindergarten, 1922/3 -- A grand time -- Llandaff Cathedral School, 1923/5 (age 7/9) -- The bicycle and the sweet-shop -- The great mouse plot -- A life without sweets -- Going to Norway -- The magic island -- A visit to the doctor -- The last lap -- St. Peter's, 1925/9 (age 9-13) -- First day -- Writing home -- The matron -- Homesickness -- A drive in the motor-car -- The Maccano chariot -- Captain Hardcastle -- How I became a writer -- Little Ellis and the boil -- Goat's tobacco -- Repton and Shell, 1929/36 (age 13/20) -- Getting dressed for the big school -- Boazers -- Painful punishments -- The headmaster -- Chocolates -- Horrid little boys and girls -- Corkers -- Fagging -- That awful cold bath -- Games and photography -- Goodbye school -- P.S -- Excerpt from Going solo -- A Dahl-tastic quiz. |
| 520 ## - SUMMARY, ETC. | |
| Summary, etc. | Humorous anecdotes from the author's childhood describe summer vacations in Norway and life in an English boarding school. |
| 600 10 - SUBJECT ADDED ENTRY--PERSONAL NAME | |
| Personal name | Dahl, Roald |
| General subdivision | Childhood and youth |
| Form subdivision | Juvenile literature. |
| 650 #0 - SUBJECT ADDED ENTRY--TOPICAL TERM | |
| Topical term or geographic name entry element | Authors, English |
| Chronological subdivision | 20th century |
| Form subdivision | Biography |
| -- | Juvenile literature. |
| 655 #7 - INDEX TERM--GENRE/FORM | |
| Genre/form data or focus term | Literature. |
| Source of term | lcgft |
| Authority record control number or standard number | https://id.loc.gov/authorities/genreForms/gf2014026415 |
| 655 #7 - INDEX TERM--GENRE/FORM | |
| Genre/form data or focus term | Biographies. |
| Source of term | lcgft |
| Authority record control number or standard number | https://id.loc.gov/authorities/genreForms/gf2014026049 |
| 906 ## - LOCAL DATA ELEMENT F, LDF (RLIN) | |
| a | 7 |
| b | cbc |
| c | orignew |
| d | 1 |
| e | ecip |
| f | 20 |
| g | y-gencatlg |
| 942 ## - ADDED ENTRY ELEMENTS (KOHA) | |
| Source of classification or shelving scheme | Dewey Decimal Classification |
| Koha item type | Books |
| Suppress in OPAC | No |
| Withdrawn status | Lost status | Source of classification or shelving scheme | Damaged status | Not for loan | Collection | Home library | Current library | Shelving location | Date acquired | Total Checkouts | Full call number | Barcode | Date last seen | Copy number | Price effective from | Koha item type |
|---|---|---|---|---|---|---|---|---|---|---|---|---|---|---|---|---|
| Dewey Decimal Classification | Juvenile Fiction | Footprints International School Library Network Toul Kork Campus | Footprints International School Library Network Toul Kork Campus | A TK Campus, 4th Floor, Room B401, Fiction Bookcases (1-6) | 09/30/2025 | DAL 823.914 PR6054.A35 Z46 | FISTK00019 | 09/30/2025 | 1 | 09/30/2025 | Books | |||||
| Dewey Decimal Classification | Fiction | Footprints International School Library Network Toul Tom Poung Campus | Footprints International School Library Network Toul Tom Poung Campus | TTP Secondary Fiction Bookshelves | 11/19/2025 | DAL 823.914 PR6054.A35 Z46 | FIS03742 | 11/19/2025 | 2 | 11/19/2025 | Books |
